000 00476nam a2200181Ia 4500
003 OSt
005 20230606191847.0
008 210423s2011 xx 000 0 und d
040 _cAL
041 _aeng
082 _a362.6
_223
_bPATA
100 _aPATEL (S).
_9120559
245 _aAgcing: an interdisciplinary approach.
260 _aJaipur
_bRawat Publications
_c2011
365 _b725
_cINR
906 _aAgcing: ; an ; approach. ; interdisciplinary
942 _2ddc
_cBK
999 _c175872
_d175872